000
00186 a2200097 4500
020
_a
9500701536
041
_a
spa
100
_a
Guido Rodriguez Alcala
245
_a
Caballero
942
_c
BK
999
_c
15635
_d
15635